मंडल रिपोर्ट : (Record no. 118905)

MARC details
000 -LEADER
fixed length control field 01256nam a22002657a 4500
005 - DATE AND TIME OF LATEST TRANSACTION
control field 20170124103123.0
010 ## - LIBRARY OF CONGRESS CONTROL NUMBER
LC control number A-861344
020 ## - INTERNATIONAL STANDARD BOOK NUMBER
Terms of availability 80.00
035 ## - SYSTEM CONTROL NUMBER
System control number A-861344
037 ## - SOURCE OF ACQUISITION
Source of stock number/acquisition Cen Lib/Ret
040 ## - CATALOGING SOURCE
Original cataloging agency DPL
Language of cataloging HN
082 ## - DEWEY DECIMAL CLASSIFICATION NUMBER
Classification number 305.56
Item number कपूर
100 ## - MAIN ENTRY--PERSONAL NAME
Personal name कपूर, मस्तराम
9 (RLIN) 82445
245 ## - TITLE STATEMENT
Title मंडल रिपोर्ट :
Statement of responsibility, etc मस्तराम कपूर
Remainder of title वर्ण-व्यवस्था से समाजवादी व्यवस्था की ओर /
246 ## - VARYING FORM OF TITLE
Title proper/short title Mandal report : varn-vyavstha se samajvadi vyavstha ki or /
Remainder of title by Mastram Kapoor
250 ## - EDITION STATEMENT
Edition statement दूसरा संस्करण
260 ## - PUBLICATION, DISTRIBUTION, ETC. (IMPRINT)
Name of publisher, distributor, etc सारांश प्रकाशन
Place of publication, distribution, etc नई दिल्ली
Date of publication, distribution, etc 1996
270 ## - ADDRESS
City नई दिल्ली
Address 13 दरियागंज
Postal code 110002
300 ## - PHYSICAL DESCRIPTION
Extent 115पृ.
Dimensions 20सेमी(सजिल्द)
650 ## - SUBJECT ADDED ENTRY--TOPICAL TERM
Topical term or geographic name as entry element मंडल आयोग -- एक समीक्षा
9 (RLIN) 82446
650 ## - SUBJECT ADDED ENTRY--TOPICAL TERM
Topical term or geographic name as entry element मंडल रिपोर्ट -- जनता दल सरकार
9 (RLIN) 82448
650 ## - SUBJECT ADDED ENTRY--TOPICAL TERM
Topical term or geographic name as entry element Mandal Commission - a review
9 (RLIN) 82450
650 ## - SUBJECT ADDED ENTRY--TOPICAL TERM
Topical term or geographic name as entry element Board Report - Janata Dal government
9 (RLIN) 82451
942 ## - ADDED ENTRY ELEMENTS (KOHA)
Source of classification or shelving scheme Dewey Decimal Classification
Koha item type Hindi Books
Classification part 305.56
Call number suffix कपूर
Holdings
Withdrawn status Lost status Damaged status Not for loan Home library Current library Date acquired Source of acquisition Cost, normal purchase price Total Checkouts Full call number Barcode Date last seen Copy number Cost, replacement price Price effective from Koha item type
        Central Library Central Library 14/09/2015 Cen Lib/Ret 80.00   305.56 कपूर A-861344 14/09/2015 1 80.00 14/09/2015 Hindi Books

© Delhi Public Library
Hit Counter
free hit counter